000 00696nam a2200217Ia 4500
003 GCL
008 140319s9999 xx 000 0 ara d
040 _aGCL /
_cGCL
082 0 4 _a412
_bر ا
100 1 _aربحى كمال
245 1 0 _aالابدال فى ضوء اللغات السامية دراسة مقارنة /
_cربحى كمال
260 _a[S.N] :
_bجامعة بيروت العربية ،
_c1980
300 _a265 ص
490 _aجامعة بيروت العربية
_v0
650 0 4 _aالاشتقاق
650 0 4 _aاللغة العربية
650 0 4 _aالحروف
650 0 4 _aاللغات السامية
650 0 4 _aاللغة العبرية
942 _2ddc
_cBK
999 _c36675
_d36675